000 01286nam a2200325 i 4500
003 EG-GICUC
005 20260121101532.0
008 251222m20192020ua ||||fr|||| 00| 0 ara d
040 _a EG-GICUC
_bara
_c EG-GICUC
_d EG-GICUC
_erda
041 0 _aara
082 0 4 _221
_a345.456
_bر ف . و
092 0 4 _221
099 _aLaw1 07 345.456 ر ف . و 1 ed - 2020
100 0 _aرفعت عيد
_eمؤلف.
245 1 2 _aالوجيز في ضمانات تأديب الموظف العام :
_bطبقا لاحكام القضاء /
_cرفعت عيد.
250 _aالطبعة الاولى
264 1 _aالقاهرة :
_b[اسم الناشر غير محدد],
_c2020.
300 _a292 ؛ صفحة
_c24 سم.
336 _2rda content
_atext
337 _2rda media
_aComputer
338 _2rda carrier
_aOnline Resource
504 _aيحتوي على ارجاعات ببليوجرافية
546 _aالنص باللغة العربية
650 1 4 _aاجراءات وضمانات تأديب العاملين المدنين بالدولة
_xالقانون الإداري
_2qrmak
650 1 4 _aضمانات تأديب الموظف العام
651 1 _2qrmak
856 4 0 _uhttps://fll.law.cu.edu.eg/fulltext/bks/B07-01755.pdf
905 _a75
942 _2ddc
_cBK
_e21
_n0
999 _c52160
_d52160